Plants that belong to gourd family (Cucurbitaceae) - sudden death - Statistics

General Stats
  • This quiz has been taken 31 times
  • The average score is 6 of 10
Answers on the Grid
Answers color-coded by a green-red scale on the quiz's grid according to % correct below.
Watermelon
Spinach
Squash
Apple
Cucumber
Lemon
Mango
Calabash
Sorrel
Melon
Tomato
Fig
Datura
Garlic
Pumpkin
Pomelo
Grapevine
Luffa
Kiwano
Kumquat
Cabbage
Chayote
Rhubarb
Common ivy
Eggplant/Aubergine
Butternut squash
Plum
Lime
 
Answer Stats
Answer % Correct
Squash
94%
Pumpkin
88%
Butternut squash
81%
Watermelon
81%
Cucumber
69%
Melon
56%
Calabash
44%
Luffa
44%
Chayote
38%
Kiwano
38%
No matching quizzes found
Score Distribution
Percent of People with Each Score
Percentile by Number Answered
Your Score History
You have not taken this quiz